Guías prácticas para los cultivos de trigo, maíz, soja y girasol
Guardado en:
| Autor Corporativo: | |
|---|---|
| Formato: | Electrónico |
| Idioma: | Undetermined |
| Publicado: |
Buenos Aires :
INTA,
c1997.
|
| Etiquetas: |
Agregar Etiqueta
Sin Etiquetas, Sea el primero en etiquetar este registro!
|
| LEADER | 00569nmm a22001335a 4500 | ||
|---|---|---|---|
| 001 | EEA.libagro010164 | ||
| 005 | 20180619113625.0 | ||
| 008 | 141007s1997####ag#########m########und#d | ||
| 245 | 1 | 0 | |a Guías prácticas para los cultivos de trigo, maíz, soja y girasol |h [recurso electrónico] / |c INTA. |
| 260 | |a Buenos Aires : |b INTA, |c c1997. | ||
| 300 | |a 1 CD-ROM : |b il., mapas, gráf. | ||
| 500 | |a El disco contiene los manuales por cada cultivo en formato pdf. | ||
| 710 | 2 | |a Instituto Nacional de Tecnología Agropecuaria (Argentina) | |
| 859 | |a AR-BbBCA |b BIB. AGRONOMIA |h 633 |i A691 cd |p 2000/3923 | ||
